000 00881nam a22002297a 4500
008 240702b mp ||||| |||| 00| 0 mon d
035 _a19220
040 _aSU1322070
_bmon
_cMN-UlNLM
_dMN-UlNLM
_erda
041 _amon
042 _a47274
084 _2NNA
_a84(4Исп)
_bМ-263
100 _aМаркес Г.
245 0 _aТахлын үеийн дурлал
264 _aУлаанбаатар
_bМонсудар
_c2019
300 _a478х.
336 _2rdacontent
_atext
_btxt
337 _2rdamedia
_aunmediated
_bn
338 _2rdacarrier
_avolume
_bnc
650 _aФлорентино бүр өсвөр насны хүү байхаасаа л Ферминад дундаршгүй сэтгэлээр дурлаж, түүнтэй уран яруу үгтэй захидлаар харилцсаар, г...
942 _2NNA
_cBK
999 _c1076141
_d1076198